| 000 | 00675nam a2200217 u 4500 | ||
|---|---|---|---|
| 001 | 000506379 | ||
| 003 | AM-YeHGA | ||
| 005 | 20250617134755.0 | ||
| 008 | 061030s1976 ||| r 000 0 rus d | ||
| 040 | _aAM-YeHGA | ||
| 041 | 0 | _arus | |
| 100 | 1 | _aМихалевич, Павел Кириллович | |
| 245 | 1 | 0 |
_aГрибы / _cП.К. Михалевич. |
| 260 |
_aМинск : _bУраджай, _c1976. |
||
| 300 |
_a95 с. : _bил. |
||
| 440 | 0 | _aБеловежская пуща | |
| 440 | 0 |
_aНаучно-популярная серия _v6 |
|
| 504 | _aБиблиогр.: с. 95 | ||
| 653 | 0 | _aГрибы - Беловежская пуща | |
| 090 | _c189271 | ||
| 999 |
_c187805 _d187805 |
||